| 000 | 00555nam a2200205 4500 | ||
|---|---|---|---|
| 003 | SEACOMMC | ||
| 005 | 20231011101055.0 | ||
| 008 | 231011b |||||||| |||| 00| 0 eng d | ||
| 020 | _cRs. 210.00 | ||
| 040 | _aSEACOMMC | ||
| 082 |
_a510.02462 _bSUN |
||
| 100 | 1 | _aSundaram, V. | |
| 245 | 1 |
_aEngineering mathematics _cV. Sundaram, R. Balasubramanian and K.A. Lakshminarayanan |
|
| 250 | _a2nd ed. | ||
| 260 |
_aNew Delhi _bVikas _c2005 |
||
| 650 | _aMathematics | ||
| 700 | 1 | _aBalasubramanian, R. | |
| 700 | 1 | _aLakshminarayanan, K.A. | |
| 942 | _cBOOK | ||
| 999 |
_c147 _d147 |
||